Regionálna charakteristika formovania príjmov v SR
Príjmová polarizácia spojená s vnútorným ekonomickým a sociálnym prostredím Slovenska. Vplyv nadnárodných korporácií so svojimi špecifickými záujmami na hospodársky priestor Slovenska.
Enregistré dans:
| Auteur principal: | |
|---|---|
| Autres auteurs: | |
| Format: | Chapitre de livre |
| Langue: | slovaque |
| Sujets: | |
| Tags: |
Pas de tags, Soyez le premier à ajouter un tag!
|
MARC
| LEADER | 00000nla a2200000 4500 | ||
|---|---|---|---|
| 001 | 0213928 | ||
| 005 | 20240716090606.7 | ||
| 041 | 0 | |a slo | |
| 044 | |a SK | ||
| 245 | 1 | 0 | |a Regionálna charakteristika formovania príjmov v SR |c Iveta Pauhofová, Dávid Martinák |
| 520 | |a Príjmová polarizácia spojená s vnútorným ekonomickým a sociálnym prostredím Slovenska. Vplyv nadnárodných korporácií so svojimi špecifickými záujmami na hospodársky priestor Slovenska. | ||
| 610 | 2 | 0 | |a Slovensko |
| 610 | 2 | 0 | |a diferenciácia mzdová |
| 610 | 2 | 0 | |a regióny |
| 610 | 2 | 0 | |a príjmy obyvateľstva |
| 610 | 2 | 0 | |a diferenciácia mzdová |
| 610 | 2 | 0 | |a rozvoj sociálno-ekonomický |
| 100 | 1 | |a Pauhofová, Iveta | |
| 700 | 1 | |a Martinák, Dávid | |